00417 a2200145 4500003000400000005001700004008004100021020001800062040000900080082001900089100003600108245009000144260002700234300001000261OSt20230912160340.0230912b |||||||| |||| 00| 0 eng d a9781781943526 coclc a794.122bSCH/Y1 aSchuyler, Jamesc(Chess player) aYour opponent is overrated : ba practical guide to inducing errors /cJames Schuyler bEveryman Chess:c2016. a220 p